000 00888nam a2200289 a 4500
001 26361
003 CO-ViMGA
008 141112s2004 ck r 000 u spa d
015 _ack - 2011 - xxxx
020 _a9789871710911
040 _aCO-ViMGA
_bspa
_cCO-ViMGA
090 _aA CARd
100 1 _aCarzon, Walter
_93473
245 1 0 _aDinolocos /
_cWalter Carzon ; ilustrado por Walter Carzon
250 _a1a. ed.
260 _aArgentina :
_bUranito editores,
_c2011
300 _a10 p. : il. ; 18 cm
490 0 _aLibrolocos
521 _aPara niños de tres años en adelante
598 _aNEW - GRAL
650 1 4 _aLibros para niños
650 1 4 _aLiteratura infantil argentina
_92511
700 1 _aCarzon, Walter, ilustrador il.
_93475
917 _a2012 - 2143 2 ejemplares
942 _2ddc
_cBK
990 _a2012 - 2143 PanAméricana 2 ejemplares 21 13/04/2012 a805112
999 _c9904
_d9904